<?xml version="1.0" encoding="UTF-8"?>
<record
    xmlns:xsi="http://www.w3.org/2001/XMLSchema-instance"
    xsi:schemaLocation="http://www.loc.gov/MARC21/slim http://www.loc.gov/standards/marcxml/schema/MARC21slim.xsd"
    xmlns="http://www.loc.gov/MARC21/slim">

  <leader>01358namaa2200229 a 4500</leader>
  <controlfield tag="008">190531s2010    AG ||||gr|||| 001 h spa d</controlfield>
  <datafield tag="020" ind1=" " ind2=" ">
    <subfield code="a">9789507530074</subfield>
  </datafield>
  <datafield tag="040" ind1=" " ind2=" ">
    <subfield code="a">espa&#xF1;ol</subfield>
  </datafield>
  <datafield tag="041" ind1=" " ind2=" ">
    <subfield code="a">spa</subfield>
  </datafield>
  <datafield tag="092" ind1=" " ind2=" ">
    <subfield code="2">812</subfield>
    <subfield code="c">80</subfield>
    <subfield code="l">SOF</subfield>
  </datafield>
  <datafield tag="100" ind1="1" ind2=" ">
    <subfield code="a">S&#xF3;focles</subfield>
    <subfield code="9">4043</subfield>
  </datafield>
  <datafield tag="245" ind1=" " ind2=" ">
    <subfield code="a">Ant&#xED;gona.</subfield>
    <subfield code="b">Edipo Rey /</subfield>
    <subfield code="c">S&#xF3;focles</subfield>
  </datafield>
  <datafield tag="250" ind1=" " ind2=" ">
    <subfield code="a">1a ed. 1a reimp.</subfield>
  </datafield>
  <datafield tag="260" ind1=" " ind2=" ">
    <subfield code="a">Boulogne:</subfield>
    <subfield code="b">C&#xE1;ntaro;</subfield>
    <subfield code="c">2010.</subfield>
  </datafield>
  <datafield tag="300" ind1=" " ind2=" ">
    <subfield code="a">160 p.</subfield>
    <subfield code="b">19x14cm.</subfield>
  </datafield>
  <datafield tag="500" ind1=" " ind2=" ">
    <subfield code="a">Sofocles. (2010). Ant&#xED;gona. Edipo Rey. (1a ed.). Buenos Aires : C&#xE1;ntaro.</subfield>
  </datafield>
  <datafield tag="505" ind1=" " ind2=" ">
    <subfield code="a">S&#xF3;focles ha sabido construir la historia de la grandeza y de la miseria de personajes plenamente humano, por eso, releer a este autor cl&#xE1;sico, en nuestros d&#xED;as, es encontrarse con los grandes problemas que han preocupado a los hombres desde siempre y que, parad&#xF3;jicamente, las sociedades m&#xE1;s desarrolladas no han podido todav&#xED;a, resolver. La confrontaci&#xF3;n de la justicia humana con la divina y los excesos del poder, en Ant&#xED;gona, o la soberbia y el enfrentamiento del ser con su destino, en Edipo Rey, son temas que viven en p&#xE1;ginas de incomparable tensi&#xF3;n dram&#xE1;tica y que convoca al lector, joven y adulto por igual, a una lectura reflexiva y fecunda. </subfield>
  </datafield>
  <datafield tag="590" ind1=" " ind2=" ">
    <subfield code="a">Proyecto 4to libro. Donaci&#xF3;n Julia Cabanne, mayo 2019.</subfield>
  </datafield>
  <datafield tag="655" ind1=" " ind2=" ">
    <subfield code="a">Literatura</subfield>
    <subfield code="9">2917</subfield>
  </datafield>
  <datafield tag="700" ind1="1" ind2=" ">
    <subfield code="a">Boggero de Paz, M&#xF3;nica</subfield>
    <subfield code="t">Comp.</subfield>
    <subfield code="9">4044</subfield>
  </datafield>
  <datafield tag="942" ind1=" " ind2=" ">
    <subfield code="2">ddc</subfield>
    <subfield code="c">LIT</subfield>
  </datafield>
  <datafield tag="999" ind1=" " ind2=" ">
    <subfield code="c">3001</subfield>
    <subfield code="d">3001</subfield>
  </datafield>
  <datafield tag="952" ind1=" " ind2=" ">
    <subfield code="0">0</subfield>
    <subfield code="1">0</subfield>
    <subfield code="2">ddc</subfield>
    <subfield code="4">0</subfield>
    <subfield code="7">0</subfield>
    <subfield code="a">BFM</subfield>
    <subfield code="b">BFM</subfield>
    <subfield code="c">CR</subfield>
    <subfield code="d">2019-05-31</subfield>
    <subfield code="e">Donaci&#xF3;n Cabanne, Julia. Mayo 2019</subfield>
    <subfield code="l">0</subfield>
    <subfield code="o">812 80 SOF</subfield>
    <subfield code="p">4433</subfield>
    <subfield code="r">2019-05-31</subfield>
    <subfield code="t">Ej. 1</subfield>
    <subfield code="w">2019-05-31</subfield>
    <subfield code="y">LIT</subfield>
    <subfield code="z">Proyecto 4to libro. Donaci&#xF3;n Cabanne, Julia. Mayo 2019</subfield>
  </datafield>
</record>
